Eversheds' developers and construction e-briefing (Record no. 112624)
[ view plain ]
| 000 -LEADER | |
|---|---|
| fixed length control field | 01273cad a22002295a 4500 |
| 001 - CONTROL NUMBER | |
| control field | L153639 |
| 008 - FIXED-LENGTH DATA ELEMENTS--GENERAL INFORMATION | |
| fixed length control field | 110812s2011 xxkqr p 0 a0eng u |
| 035 ## - SYSTEM CONTROL NUMBER | |
| System control number | (Sirsi) u153639 |
| 041 0# - LANGUAGE CODE | |
| Language code of text/sound track or separate title | eng |
| 110 2# - MAIN ENTRY--CORPORATE NAME | |
| Corporate name or jurisdiction name as entry element | Eversheds |
| 9 (RLIN) | 5261 |
| 245 00 - TITLE STATEMENT | |
| Title | Eversheds' developers and construction e-briefing |
| Remainder of title | special report on changes to construction contracts |
| Medium | [electronic resource] |
| 260 ## - PUBLICATION, DISTRIBUTION, ETC. | |
| Place of publication, distribution, etc. | [S.l.] |
| Name of publisher, distributor, etc. | Eversheds |
| Date of publication, distribution, etc. | 2011 |
| 520 ## - SUMMARY, ETC. | |
| Summary, etc. | Special report on changes to construction contracts to come into force on 1 October 2011; looks at who the changes will affect and what is changing, as well as covering the Construction Act. |
| 590 ## - LOCAL NOTE (RLIN) | |
| Local note | KA NTK |
| 650 24 - SUBJECT ADDED ENTRY--TOPICAL TERM | |
| Topical term or geographic name entry element | HOUSING GRANTS, CONSTRUCTION AND REGENERATION ACT 1996 |
| 650 24 - SUBJECT ADDED ENTRY--TOPICAL TERM | |
| Topical term or geographic name entry element | LOCAL DEMOCRACY, ECONOMIC DEVELOPMENT AND CONSTRUCTION ACT 2009 |
| 651 #4 - SUBJECT ADDED ENTRY--GEOGRAPHIC NAME | |
| Geographic name | England and Wales |
| Chronological subdivision | 1543- |
| 690 ## - LOCAL SUBJECT ADDED ENTRY--TOPICAL TERM (OCLC, RLIN) | |
| Topical term or geographic name as entry element | BUILT ENVIRONMENT-CONSTRUCTION MANAGEMENT-BUILDING CONTRACT ADMINISTRATION |
| 690 ## - LOCAL SUBJECT ADDED ENTRY--TOPICAL TERM (OCLC, RLIN) | |
| Topical term or geographic name as entry element | Procurement |
| 9 (RLIN) | 6260 |
| 856 40 - ELECTRONIC LOCATION AND ACCESS | |
| Uniform Resource Identifier | <a href="https://www.eversheds.com/uk/home/articles/index1.page?ArticleID=templatedata/Eversheds/articles/data/en/Construction_And_Engineering/Eversheds_developers_and_construction_ebriefing_Special_report_on_changes_to_construction_contracts">https://www.eversheds.com/uk/home/articles/index1.page?ArticleID=templatedata/Eversheds/articles/data/en/Construction_And_Engineering/Eversheds_developers_and_construction_ebriefing_Special_report_on_changes_to_construction_contracts</a> |
| Public note | View the special report free of charge at www.eversheds.com |
| 942 ## - ADDED ENTRY ELEMENTS (KOHA) | |
| Suppress in OPAC | 0 |
| Withdrawn status | Lost status | Source of classification or shelving scheme | Damaged status | Not for loan | Home library | Current library | Shelving location | Date acquired | Total Checkouts | Full call number | Barcode | Date last seen | Copy number | Price effective from | Koha item type |
|---|---|---|---|---|---|---|---|---|---|---|---|---|---|---|---|
| Dewey Decimal Classification | Virtual | Virtual | Online | 12/08/2011 | ONLINE PUBLICATION | 153639-2001 | 06/08/2019 | 1 | 06/08/2019 | Book |